Sử dụng đất ngập nước trồng lúa để xử lý nước ô nhiễm của ao ương cá tra (Pangasianodon hypophthalmus) : Luận văn tốt nghiệp cao học ngành Khoa học môi trường

Nội dung đề tài nghiên cứu tính khả thi của việc tận dụng dinh dưỡng nước ao ương cá tra để tưới lúa giảm thiểu việc sử dụng phân bón hóa học trên ruộng góp phần hạn chế xả nước ô nhiễm của ao ương cá tra vào nguồn tiếp nhận...

全面介紹

Đã lưu trong:
書目詳細資料
主要作者: Trần, Thị Diễm Phúc
格式: 圖書
語言:Undetermined
出版: Cần Thơ Đại học Cần Thơ 2013
主題:
標簽: 添加標簽
沒有標簽, 成為第一個標記此記錄!
Thư viện lưu trữ: Trung tâm Học liệu Trường Đại học Cần Thơ
LEADER 01262nam a2200217Ia 4500
001 CTU_184635
008 210402s9999 xx 000 0 und d
082 |a 639.31 
082 |b Ph506 
088 |a 60440301 
100 |a Trần, Thị Diễm Phúc 
245 0 |a Sử dụng đất ngập nước trồng lúa để xử lý nước ô nhiễm của ao ương cá tra (Pangasianodon hypophthalmus) : 
245 0 |b Luận văn tốt nghiệp cao học ngành Khoa học môi trường 
245 0 |c Trần Thị Diễm Phúc ; Trương Thị Nga người hướng dẫn khoa học 
260 |a Cần Thơ 
260 |b Đại học Cần Thơ 
260 |c 2013 
520 |a Nội dung đề tài nghiên cứu tính khả thi của việc tận dụng dinh dưỡng nước ao ương cá tra để tưới lúa giảm thiểu việc sử dụng phân bón hóa học trên ruộng góp phần hạn chế xả nước ô nhiễm của ao ương cá tra vào nguồn tiếp nhận 
650 |a Freshwater Fishes,Nuôi cá nước ngọt 
904 |i Ngọc Loan 
980 |a Trung tâm Học liệu Trường Đại học Cần Thơ